Plantel del Colón campeón 2021 - Estadísticas

Estadísticas generales
  • Esta prueba ha sido intentada 35 veces
  • La puntuación promedio es 20 de 31
Estadísticas de respuestas
Posición Jugador % Correcto
Arq Ignacio Chicco
93%
Del Luis Miguel "El Pulga" Rodríguez
93%
Med Rodrigo Aliendro
93%
Arq Leonardo Burian
89%
Med Christian Bernardi
86%
Def Eric Meza
86%
Def Paolo Goltz
86%
Dt Eduardo Domínguez
82%
Del Facundo Farias
82%
Def Facundo Garces
82%
Med Federico Lertora
82%
Def Gonzalo Piovi
82%
Med Alexis Castro
79%
Def Facundo Mura
79%
Med Santiago Pierotti
71%
Med Cristian Ferreira
68%
Del Nicolas Leguizamón
68%
Del Tomas Sandoval
64%
Def Rafael Delgado
61%
Med Yéiler Goez
61%
Def Gonzalo Escobar
57%
Def Lucas Acevedo
46%
Def Bruno Bianchi
43%
Arq Joaquín Hass
43%
Med Tomas Moschion
43%
Med Danilo Gomez
39%
Del Wilson Morelo
39%
Med Guillermo Gozalvez
32%
Med Stefano Moreyra
29%
Del Alex Aranda
14%
Med Aaron Martínez
7%
No se encontraron pruebas coincidentes
Distribución de puntuación
Porcentaje de gente con cada puntuación
Porcentaje por número respondido
Historial de tus puntuaciones
No has intentado esta prueba.